LEADER 01327nam a2200313 u 4500 001 000000082163 003 CaOOAMICUS 005 20070226123831.0 008 050407s2004 it u000 u ita u 020 $a8845233219 035 $a11038228 040 $aPUL$bita 041 1 $aita$hrus 100 1 $aFlorenskij, Pavel Aleksandrovi?,$d1882-1937.$0(OLS)http://pul/name/12952 240 10$aAmlet.$lItaliano.$0(OLS)http://pul/title/107408 245 10$aAmleto /$cPavel A. Florenskij ; a cura dell'igumeno Andronik (A.S. Truba?ev) ; edizione italiana a cura di Adriano Dell'Asta ; traduzione di Sarah Zilio. 260 $aMilano :$bBompiani,$c2004. 300 $a101 p. ;$c18 cm 490 1 $aPassaggi 504 $aInclude riferimenti bibliografici. 700 1 $aDell'Asta, Adriano.$0(OLS)http://pul/name/32096 700 1 $aTruba?ev, A. S.$0(OLS)http://pul/name/54643 830 1$aPassaggi (Bompiani).$0(OLS)http://pul/title/107410 850 $aPUL 852 $aPUL$W1$xSL Cons. Gen., Altre Classi 3$y75$m822. 33 FLOPA 1$j104736$nBK-PRI$qDDC 21$B104736$CPULBib$Z2$F104736 $H97747 $82 941 1 $a9 996 $6020$a8845233219$9(OLS)http://pul/number/108863 996 $6245$aAmleto$9(OLS)http://pul/title/107409 996 $6260$aMilano :$bBompiani$9(OLS)http://pul/publisher/48240 LEADER 01628nam a2200337 a 4500 001 000000139237 003 CaOOAMICUS 005 20140711113733.0 008 140711s2014 it u000 u ita r 020 $a978-88-7075-780-4 040 $aPUL$bita 082 04$a025.32 100 1 $aBianchini, Carlo,$d1967-$0(OLS)http://pul/name/68377 245 10$aIntroduzione a RDA :$blinee guida per rappresentare e scoprire le risorse /$cCarlo Bianchini, Mauro Guerrini ; prefazione di Barbara B. Tillett ; postfazione di Gordon Dunsire. 260 $aMilano :$bEditrice Bibliografica,$cİ2014. 300 $a246 p. ;$c21 cm 490 1 $aBiblioteconomia e scienza dell'informazione ;$v03 504 $aBibliografia p. 209-212. 650 4$aCatalogazione descrittiva.$0(OLS)http://pul/subject/22576 700 1 $aGuerrini, Mauro,$d1953-$0(OLS)http://pul/name/30653 700 1 $aTillett, Barbara B.$0(OLS)http://pul/name/89781 700 1 $aDunsire, Gordon.$0(OLS)http://pul/name/89782 830 0$aBiblioteconomia e scienza dell'informazione ;$v03.$0(OLS)http://pul/title/176289 850 $aPUL 852 $aPUL$W1$xSL Cons. Gen., Altre Classi 3$y75$m025. 32 BIACA 2$j160851$qDDC 21$B160246$CPULBib$Z2$F160246 $H124324 $82 941 1 $a9 996 $6020$a978-88-7075-780-4$9(OLS)http://pul/number/155748 996 $6082$a025.32$9(OLS)http://pul/classification/2695 996 $6245$aIntroduzione a RDA :$blinee guida per rappresentare e scoprire le risorse$9(OLS)http://pul/title/176288 996 $6260$aMilano :$bEditrice Bibliografica$9(OLS)http://pul/publisher/48489